[Event "It (open)"]
[Site "masterchessopen.com St. Ingbert (Germany)"]
[Round "1"]
[White "Hoefer Ulrich (GER)"]
[Black "Cladouras Panagiotis (GER)"]
[Result "0-1"]
[WhiteElo "2020"]
[BlackElo "2390"]

1.Nf3 Nf6 2.d4 e6 3.c4 Bb4+ 4.Bd2 a5 5.a3 Be7 6.Nc3 d5 7.e3 Nbd7 8.Rc1 O-O
9.Bd3 c5 10.O-O cxd4 11.Nxd4 Ne5 12.Qe2 dxc4 13.Bxc4 Nxc4 14.Qxc4 e5 15.Nc2 b5
16.Qe2 b4 17.Nb5 Bf5 18.Ne1 Ne4 19.Rd1 Qb6 20.f3 Nxd2 21.Rxd2 Rad8 22.Rxd8
Rxd8 23.Kh1 Be6 24.f4 Qc5 {#R} 0-1

[Event "It (cat.9)"]
[Site "masterchessopen.com Algarve (Portugal)"]
[Round "3"]
[White "Damljanovic Branko (SRB)"]
[Black "Ribeiro Fernando (POR)"]
[Result "1-0"]
[WhiteElo "2555"]
[BlackElo "2335"]

1.d4 Nf6 2.c4 e6 3.Nf3 Bb4+ 4.Bd2 c5 5.Bxb4 cxb4 6.Qd3 O-O 7.e4 d5 8.Nbd2 dxe4
9.Nxe4 Nc6 10.Be2 b6 11.O-O Bb7 12.Rad1 Qe7 13.Ng3 Rfd8 14.Qe3 a5 15.Rfe1 a4
16.Ne5 Na5 17.d5 exd5 18.Nf5 Qf8 19.Qg5 g6 20.Qxf6 gxf5 21.Rd3 f4 22.Bh5 {#r}
1-0

[Event "Cup Baku"]
[Site "masterchessopen.com Baku (Azerbaijan)"]
[Round "0"]
[White "Djabbarov Eldar (AZE)"]
[Black "Ibrahimov Rasul (AZE)"]
[Result "0-1"]
[WhiteElo "2130"]
[BlackElo "2365"]

1.d4 Nf6 2.c4 e6 3.Nf3 Bb4+ 4.Bd2 Qe7 5.a3 Bxd2+ 6.Qxd2 b6 7.g3 Bb7 8.Bg2 d6
9.Nc3 Nbd7 10.O-O Ne4 11.Nxe4 Bxe4 12.b4 O-O 13.Qf4 f5 14.Rfd1 Rae8 15.Qg5 Rf6
16.Rac1 f4 17.Nh4 Bxg2 18.Kxg2 fxg3 19.Kxg3 Rg6 {#R} 0-1

[Event "It (open)"]
[Site "masterchessopen.com Barbera (Spain)"]
[Round "7"]
[White "Oms Pallise Josep (AND)"]
[Black "Ayas Fernandez Antonio (ESP)"]
[Result "1-0"]
[WhiteElo "2440"]
[BlackElo "2320"]

1.d4 Nf6 2.c4 e6 3.Nf3 Bb4+ 4.Bd2 Qe7 5.g3 Nc6 6.Bg2 Bxd2+ 7.Nbxd2 d6 8.Nf1
O-O 9.Ne3 e5 10.Nd5 Qd8 11.O-O Bg4 12.dxe5 Nxe5 13.Ne3 Nxf3+ 14.exf3 Be6 15.f4
c6 16.f5 Bc8 17.b3 Qc7 18.Qd4 Rd8 19.Rad1 b6 20.g4 Bb7 21.g5 c5 22.Qh4 Bxg2
23.gxf6 {#r} 1-0

[Event "Ch Argentina (team)"]
[Site "masterchessopen.com Buenos Aires (Argentina)"]
[Round "3"]
[White "Hoffman Alejandro (ARG)"]
[Black "Giardelli Sergio C (ARG)"]
[Result "1-0"]
[WhiteElo "2525"]
[BlackElo "2450"]

1.d4 Nf6 2.c4 e6 3.Nf3 Bb4+ 4.Bd2 Qe7 5.g3 O-O 6.Bg2 d5 7.O-O Bxd2 8.Nbxd2 Rd8
9.Qc2 c5 10.dxc5 Qxc5 11.Rac1 Nc6 12.a3 e5 13.b4 Qe7 14.cxd5 Nxd5 15.b5 Nd4
16.Nxd4 exd4 17.Nb3 d3 18.exd3 Bf5 19.Qc5 Qd7 20.Rfe1 h6 21.Bxd5 Qxd5 22.Re8+
{#r} 1-0

[Event "It (sheveningen)"]
[Site "masterchessopen.com Cairo (Egypt)"]
[Round "3"]
[White "Ovsejevitsch Sergei (UKR)"]
[Black "Mohamed Farag Amrou (EGY)"]
[Result "1-0"]
[WhiteElo "2500"]
[BlackElo "2245"]

1.d4 Nf6 2.c4 e6 3.Nf3 Bb4+ 4.Bd2 a5 5.Nc3 O-O 6.Bg5 d5 7.e3 c6 8.Bd3 b6 9.O-O
Be7 10.Qe2 Nbd7 11.e4 dxe4 12.Nxe4 Bb7 13.Rfd1 Nxe4 14.Qxe4 g6 15.Qh4 Re8
16.c5 bxc5 17.dxc5 Ne5 18.Nxe5 Bxg5 19.Qg3 Qe7 20.Bxg6 fxg6 21.Rd7 Qf6 22.Rxb7
Bf4 23.Ng4 Qg5 24.Qc3 {#r} 1-0

[Event "It (open)"]
[Site "masterchessopen.com Corte Ingles (Spain)"]
[Round "0"]
[White "Hernandez Garcia Jorge (ESP)"]
[Black "Ulibin Mikhail (RUS)"]
[Result "0-1"]
[WhiteElo "2245"]
[BlackElo "2555"]

1.d4 e6 2.Nf3 Nf6 3.c4 Bb4+ 4.Bd2 Qe7 5.a3 Bxd2+ 6.Qxd2 O-O 7.Nc3 d6 8.e4 e5
9.d5 a5 10.b3 Na6 11.Be2 Nc5 12.Qc2 Nh5 13.O-O f5 14.b4 Nxe4 15.Nxe4 fxe4
16.Qxe4 Nf4 17.Rac1 axb4 18.axb4 Ra3 19.c5 Bg4 20.cxd6 cxd6 21.Nd4 Qg5 22.Ne6
Bxe6 {#R} 0-1

[Event "It (open)"]
[Site "masterchessopen.com Dortmund (Germany)"]
[Round "1"]
[White "Wicht Juergen (GER)"]
[Black "Gipslis Aivars (LAT)"]
[Result "0-1"]
[WhiteElo "2174"]
[BlackElo "2450"]

1.d4 Nf6 2.c4 e6 3.Nf3 Bb4+ 4.Nbd2 O-O 5.a3 Be7 6.e4 d5 7.e5 Nfd7 8.cxd5 exd5
9.Qc2 c5 10.Bd3 h6 11.Nf1 Nc6 12.Ng3 cxd4 13.e6 fxe6 14.Nh5 Nf6 15.Bh7+ Nxh7
16.Qg6 Rf7 17.Bxh6 Bf8 18.Bg5 Ne7 19.Bxe7 Qxe7 20.Ne5 Rf5 21.Ng4 Kh8 22.h4 Bd7
{#R} 0-1

[Event "Ch France (juniors)"]
[Site "masterchessopen.com France"]
[Round "1"]
[White "Randisi Alexandre (FRA)"]
[Black "Marzolo Cyril (FRA)"]
[Result "0-1"]
[WhiteElo "2077"]
[BlackElo "2370"]

1.d4 Nf6 2.c4 e6 3.Nf3 Bb4+ 4.Bd2 Qe7 5.a3 Bxd2+ 6.Nfxd2 a5 7.Nc3 O-O 8.e3 d6
9.Qf3 e5 10.Nd5 Nxd5 11.Qxd5 Nc6 12.O-O-O exd4 13.exd4 Qf6 14.Nf3 Bg4 15.Be2
Rfe8 16.Rd2 a4 17.Qb5 Bxf3 18.Bxf3 Nxd4 19.Rxd4 Qxd4 20.Rd1 Qxf2 21.Bxb7 Rab8
22.Rd2 Qa7 {#R} 0-1

[Event "Ch France (team) (nat.3) 1999"]
[Site "masterchessopen.com France"]
[Round "3"]
[White "Gandolphe Francois (FRA)"]
[Black "Comte Christophe (FRA)"]
[Result "0-1"]
[WhiteElo "2033"]
[BlackElo "2083"]

1.d4 Nf6 2.c4 e6 3.Nf3 Bb4+ 4.Bd2 Qe7 5.e3 Bxd2+ 6.Qxd2 d6 7.Nc3 O-O 8.Be2 e5
9.d5 a5 10.O-O Nbd7 11.Qc2 Nc5 12.b3 Bg4 13.e4 Nh5 14.Nd2 Qg5 15.Nf3 Bxf3
16.Bxf3 Nf4 17.Rad1 f5 18.Kh1 Rf6 19.g3 Rh6 20.gxf4 Rf8 21.Rg1 Rxh2+ {#R} 0-1

[Event "Ch Havana (1/2 final)"]
[Site "masterchessopen.com Habana (Cuba)"]
[Round "0"]
[White "Cabrera Gabriel (CUB)"]
[Black "Paneque Antonio (CUB)"]
[Result "1-0"]
[WhiteElo "2227"]
[BlackElo "2070"]

1.d4 Nf6 2.c4 e6 3.Nf3 Bb4+ 4.Bd2 Bxd2+ 5.Qxd2 O-O 6.Nc3 d5 7.e3 b6 8.cxd5
exd5 9.Bd3 Ba6 10.Ne5 c5 11.O-O cxd4 12.exd4 Bxd3 13.Qxd3 Re8 14.Rfe1 a6
15.Qf3 Qd6 16.Nc4 Rxe1+ 17.Rxe1 Qb4 18.Nxb6 Qxb6 19.Nxd5 Qa7 20.Nxf6+ gxf6
21.Re8+ Kg7 22.Qg4+ {#r} 1-0

[Event "It (open)"]
[Site "masterchessopen.com Hlohovec (Slovakia)"]
[Round "9"]
[White "Bojda Lubomir (SVK)"]
[Black "Krajcovic Branislav (SVK)"]
[Result "1-0"]
[WhiteElo "2153"]
[BlackElo "2048"]

1.d4 Nf6 2.Nf3 e6 3.c4 Bb4+ 4.Bd2 Qe7 5.a3 Bxd2+ 6.Nfxd2 d5 7.Nc3 O-O 8.e3 b6
9.cxd5 exd5 10.Bd3 Bb7 11.O-O Re8 12.b4 c6 13.Qc2 Nbd7 14.Rfc1 Nf8 15.Nf1 g6
16.Qe2 Ne6 17.Ba6 Rec8 18.Bxb7 Qxb7 19.b5 cxb5 20.Nxb5 a6 21.Rxc8+ Rxc8 22.Nd6
{#r} 1-0

[Event "Ch Czech Republic (w)"]
[Site "masterchessopen.com Klatovy (Czech Republic)"]
[Round "3"]
[White "Jinova Lucie (CZE)"]
[Black "Saljova Silvie (CZE)"]
[Result "0-1"]
[WhiteElo "2123"]
[BlackElo "2142"]

1.d4 Nf6 2.c4 e6 3.Nf3 Bb4+ 4.Bd2 Qe7 5.Qc2 Bxd2+ 6.Nbxd2 d6 7.g3 e5 8.dxe5
dxe5 9.Bg2 e4 10.Nd4 e3 11.fxe3 Qxe3 12.Nb5 Na6 13.Ne4 Nxe4 14.Bxe4 h6 15.Rd1
O-O 16.a3 Re8 17.Bf3 Qxf3 {#R} 0-1

[Event "?"]
[Site "masterchessopen.com Lucerne (Switzerland)"]
[Round "0"]
[White "Lputian Smbat G (ARM)"]
[Black "Gulko Boris F (USA)"]
[Result "0-1"]
[WhiteElo "2615"]
[BlackElo "2585"]

1.d4 Nf6 2.c4 e6 3.Nf3 Bb4+ 4.Nbd2 d6 5.g3 O-O 6.Bg2 Nc6 7.O-O e5 8.Nb3 exd4
9.Nfxd4 Nxd4 10.Qxd4 Nd7 11.Bd2 a5 12.Bxb4 axb4 13.Qd2 Qf6 14.Nd4 c6 {#R} 0-1

[Event "Ch Malaga"]
[Site "masterchessopen.com Malaga (Spain)"]
[Round "8"]
[White "Aguiar Garcia Juan (ESP)"]
[Black "Munoz Moreno Francisco J (ESP)"]
[Result "0-1"]
[WhiteElo "2105"]
[BlackElo "2305"]

1.d4 Nf6 2.c4 e6 3.Nf3 Bb4+ 4.Nbd2 O-O 5.a3 Be7 6.e4 d5 7.Bd3 c5 8.e5 Nfd7
9.O-O Nc6 10.Re1 dxc4 11.Nxc4 cxd4 12.b4 a6 13.Bb2 b5 14.Ncd2 Bb7 15.Nb3 Nb6
16.Rc1 Rc8 17.Nfxd4 Nxd4 18.Bxd4 Nc4 19.Bc5 Bd5 20.a4 Bxc5 21.Nxc5 a5 22.axb5
axb4 23.Bxc4 Rxc5 24.Qb3 Qg5 {#R} 0-1

[Event "Ch World (juniors) (under 18) (g)"]
[Site "masterchessopen.com Marina d'Or (Spain)"]
[Round "6"]
[White "Palotai Piroska (HUN)"]
[Black "Ovod Evgenija (RUS)"]
[Result "0-1"]
[WhiteElo "2095"]
[BlackElo "2390"]

1.d4 Nf6 2.c4 e6 3.Nf3 Bb4+ 4.Nbd2 d5 5.a3 Be7 6.g3 O-O 7.Bg2 b6 8.O-O Bb7
9.Qc2 Nbd7 10.b4 a5 11.b5 c5 12.a4 Rc8 13.cxd5 cxd4 14.Qb1 e5 15.Nxe5 Nxe5
16.d6 Bxg2 17.dxe7 Qxe7 18.Kxg2 Rfd8 19.Bb2 Qb7+ 20.Kg1 Qd7 21.Kg2 h5 22.h4
Qg4 23.Nf3 {#R} 0-1

[Event "It (cat.2)"]
[Site "masterchessopen.com Prievidza (Slovakia)"]
[Round "0"]
[White "Salai Ladislav (SVK)"]
[Black "Detko Jan (SVK)"]
[Result "1-0"]
[WhiteElo "2430"]
[BlackElo "2130"]

1.d4 Nf6 2.Nf3 e6 3.c4 Bb4+ 4.Nbd2 b6 5.a3 Bxd2+ 6.Bxd2 Ne4 7.e3 Bb7 8.Be2 d6
9.O-O Nxd2 10.Nxd2 c5 11.Bf3 Qc7 12.Ne4 Ke7 13.Nxd6 Nc6 14.Nxb7 Qxb7 15.d5
{#r} 1-0

[Event "Ch Croatia"]
[Site "masterchessopen.com Pula (Croatia)"]
[Round "0"]
[White "Cvitan Ognjen (CRO)"]
[Black "Franic Milan (CRO)"]
[Result "1-0"]
[WhiteElo "2525"]
[BlackElo "2445"]

1.Nf3 Nf6 2.d4 e6 3.c4 Bb4+ 4.Bd2 Qe7 5.g3 O-O 6.Bg2 Bxd2+ 7.Qxd2 d5 8.O-O b6
9.cxd5 exd5 10.Nc3 Bb7 11.Nh4 Ne4 12.Nxe4 dxe4 13.Nf5 Qd8 14.d5 Re8 15.Qd4 Qf6
16.Qxf6 gxf6 17.Rfd1 Bc8 18.Ne3 Ba6 19.Kf1 c5 20.dxc6 Nxc6 21.Nd5 Re7 22.Rac1
Bb5 {#r} 1-0

[Event "It (open) \"]
[Site "masterchessopen.com Slovakia"]
[Round "2"]
[White "Salai Ladislav (SVK)"]
[Black "Bojda Lubomir (SVK)"]
[Result "1-0"]
[WhiteElo "2430"]
[BlackElo "2153"]

1.d4 Nf6 2.Nf3 e6 3.c4 Bb4+ 4.Nbd2 d5 5.a3 Bd6 6.e3 c6 7.Bd3 Nbd7 8.O-O O-O
9.e4 dxe4 10.Nxe4 Nxe4 11.Bxe4 h6 12.Qe2 Qc7 13.c5 Be7 14.Ne5 Nxe5 15.dxe5
Bxc5 16.Bxh6 f5 17.exf6 gxh6 18.Qg4+ Kh8 19.Qh5 Bd4 20.Qxh6+ Kg8 21.Qg6+ Kh8
22.Rad1 Bxf6 23.Rd3 {#r} 1-0

[Event "It (open) \"]
[Site "masterchessopen.com Feffernitz (Austria)"]
[Date "1998.08.20"]
[Round "0"]
[White "Sixthofer Kurt"]
[Black "Wiesbeck Florian (AUT)"]
[Result "1-0"]
[WhiteElo "1854"]
[BlackElo "1926"]

1.d4 Nf6 2.c4 e6 3.Nf3 Bb4+ 4.Bd2 Qe7 5.Qc2 Nc6 6.a3 Bxd2+ 7.Nbxd2 b6 8.e4 d6
9.d5 exd5 10.cxd5 Nb8 11.Be2 O-O 12.O-O Nxd5 13.exd5 Qxe2 14.Qxc7 Nd7 15.Qc6
Rb8 16.Qxd6 Nf6 {#r} 1-0

[Event "Ch NRW (juniors) (under 18)"]
[Site "masterchessopen.com Bergneustadt (Germany)"]
[Round "1"]
[White "Kopp Jan (GER)"]
[Black "Friedrichs Klaus (GER)"]
[Result "0-1"]
[WhiteElo "2105"]
[BlackElo "2148"]

1.d4 Nf6 2.c4 e6 3.Nf3 Bb4+ 4.Bd2 Qe7 5.e3 O-O 6.Bd3 Bxd2+ 7.Qxd2 d6 8.Nc3 e5
9.e4 Bg4 10.dxe5 dxe5 11.Nd5 Nxd5 12.cxd5 Bxf3 13.gxf3 c6 14.Bc4 Rd8 15.Rd1
cxd5 16.Bxd5 Nc6 17.f4 Nb4 18.Kf1 Nxd5 19.exd5 Rd6 20.Kg2 Qh4 21.Qb4 Qg4+
22.Kf1 Qxd1+ 23.Kg2 {#R} 0-1

[Event "It (cat.10)"]
[Site "masterchessopen.com Berlin (Germany)"]
[Round "1"]
[White "Muse Mladen (CRO)"]
[Black "Lagunow Alexander (GER)"]
[Result "1-0"]
[WhiteElo "2472"]
[BlackElo "2438"]

1.d4 Nf6 2.c4 e6 3.Nf3 Bb4+ 4.Nbd2 c5 5.a3 Bxd2+ 6.Bxd2 cxd4 7.Nxd4 d5 8.cxd5
Qxd5 9.e3 a6 10.Be2 Qxg2 11.Bf3 Qh3 12.Qa4+ Nbd7 13.Bb4 e5 14.Nb5 axb5 15.Qxa8
Nb6 16.Bc6+ bxc6 17.Qxc6+ Nfd7 18.Rc1 Ba6 19.Rg1 Qh6 20.Qc7 Qxh2 21.Rg5 Qh1+
22.Ke2 Qd5 23.Rc6 {#r} 1-0

[Event "It (open)"]
[Site "masterchessopen.com Berlin (Germany)"]
[Round "6"]
[White "Kettenburg Stefan Dr (GER)"]
[Black "Huebscher Joachim (GER)"]
[Result "1-0"]
[WhiteElo "2027"]
[BlackElo "1784"]

1.d4 e6 2.c4 Nf6 3.Nf3 Bb4+ 4.Bd2 a5 5.Nc3 Bxc3 6.Bxc3 Ne4 7.Qc2 d5 8.e3 b6
9.Bd3 Nxc3 10.bxc3 Nd7 11.cxd5 exd5 12.Bxh7 g6 13.Bxg6 fxg6 14.Qxg6+ Kf8
15.Ng5 Qf6 16.Nh7+ Rxh7 17.Qxh7 Qd6 18.O-O Nf6 19.Qg6 Bg4 20.f3 Bh5 21.Qh6+
Kf7 22.e4 dxe4 23.fxe4 Rg8 24.Qxh5+ {#r} 1-0

[Event "Tournament"]
[Site "masterchessopen.com Besancon (France)"]
[Round "6"]
[White "Amato Roger (FRA)"]
[Black "Riff Vincent (FRA)"]
[Result "1-0"]
[WhiteElo "2208"]
[BlackElo "2061"]

1.d4 Nf6 2.c4 e6 3.Nf3 Bb4+ 4.Nbd2 d5 5.e3 O-O 6.Be2 c6 7.O-O Nbd7 8.Qc2 Re8
9.e4 dxe4 10.Nxe4 Nxe4 11.Qxe4 Nf6 12.Qc2 h6 13.b3 a5 14.a3 Bd6 15.Bb2 Bd7
16.Rfd1 Qc7 17.Rd3 Ng4 18.h3 Nf6 19.c5 Be7 20.Ne5 Bc8 21.Rg3 Bf8 22.Rd1 Qe7
23.Bc1 Kh8 24.Bd3 {#r} 1-0

[Event "It (cat.3)"]
[Site "masterchessopen.com Budapest (Hungary)"]
[Round "11"]
[White "Belichev Nikolai (UKR)"]
[Black "Eperjesi Laszlo Dr (HUN)"]
[Result "1-0"]
[WhiteElo "2387"]
[BlackElo "2381"]

1.d4 Nf6 2.c4 e6 3.Nf3 Bb4+ 4.Bd2 a5 5.g3 b6 6.Bg2 Ba6 7.Qc2 O-O 8.O-O c6
9.Bg5 Be7 10.Nbd2 d5 11.Ne5 Nfd7 12.Bxe7 Qxe7 13.f4 f5 14.Ndf3 Nf6 15.Rac1 Rc8
16.cxd5 Nxd5 17.Qd2 Ra7 18.Rfe1 Nf6 19.Qc2 Rac7 20.Qb3 b5 21.Ng5 Nd5 22.e4 a4
23.Qd1 fxe4 24.Bh3 {#r} 1-0

[Event "It (open)"]
[Site "masterchessopen.com Geneva (Switzerland)"]
[Round "1"]
[White "Chenaux Patrick (SUI)"]
[Black "Dizdar Goran (CRO)"]
[Result "0-1"]
[WhiteElo "2191"]
[BlackElo "2549"]

1.d4 Nf6 2.c4 e6 3.Nf3 Bb4+ 4.Bd2 c5 5.Bxb4 cxb4 6.a3 bxa3 7.Rxa3 O-O 8.Nc3
Nc6 9.d5 Nb4 10.g3 Qc7 11.Qb3 a5 12.dxe6 dxe6 13.Bg2 e5 14.Nd2 Rd8 15.Ra1 Bf5
16.e4 Bg6 17.Ke2 Rd3 18.Rhd1 Rad8 19.f3 Qb6 20.Nf1 Nxe4 21.fxe4 Bh5+ 22.Ke1
Bxd1 {#R} 0-1

[Event "Ch Israel (team)"]
[Site "masterchessopen.com Israel"]
[Round "1"]
[White "Mikhalevski Alexander (ISR)"]
[Black "Manor Ilan (ISR)"]
[Result "0-1"]
[WhiteElo "2474"]
[BlackElo "2504"]

1.d4 Nf6 2.c4 e6 3.Nf3 Bb4+ 4.Nbd2 b6 5.a3 Bxd2+ 6.Qxd2 Bb7 7.g3 Bxf3 8.exf3
d5 9.c5 bxc5 10.dxc5 a5 11.c6 d4 12.Qg5 O-O 13.Bb5 e5 14.O-O Qd5 15.a4 Re8
16.Re1 Qxf3 17.Ra3 Qd5 18.Bf4 Nxc6 19.Raa1 Ne4 20.Qh5 g6 21.Qd1 exf4 22.Rc1
Nc5 23.Rxe8+ Rxe8 {#R} 0-1

[Event "It \"]
[Site "masterchessopen.com Jyvaskyla (Finland)"]
[Round "0"]
[White "Keskisarja Teemu (FIN)"]
[Black "Taimanov Mark E (RUS)"]
[Result "1-0"]
[WhiteElo "2268"]
[BlackElo "2407"]

1.d4 Nf6 2.Nf3 e6 3.c4 Bb4+ 4.Bd2 a5 5.g3 d5 6.Bg2 dxc4 7.O-O Nc6 8.Bg5 h6
9.Bxf6 Qxf6 10.e3 O-O {#r} 1-0

[Event "It (open)"]
[Site "masterchessopen.com Le Touquet (France)"]
[Round "8"]
[White "Bernard Christophe (FRA)"]
[Black "Vaillant Stephane (FRA)"]
[Result "1-0"]
[WhiteElo "1694"]
[BlackElo "2107"]

1.d4 e6 2.c4 Nf6 3.Nf3 Bb4+ 4.Bd2 Qe7 5.g3 Nc6 6.Bg2 Bxd2+ 7.Nbxd2 d6 8.O-O
O-O 9.e4 e5 10.d5 Nb8 11.b4 Na6 12.a3 Bg4 13.Qc2 Nh5 14.Rac1 Rac8 15.Rfe1 c5
16.dxc6 bxc6 17.Qa4 Qb7 18.c5 dxc5 19.Nxe5 Be6 20.Bf1 Nb8 21.Rxc5 {#r} 1-0

[Event "It (active)"]
[Site "masterchessopen.com Lima (Peru)"]
[Round "5"]
[White "Cruz Filemon (PER)"]
[Black "Longa Yauca Javier (PER)"]
[Result "1-0"]
[WhiteElo "2355"]
[BlackElo "2120"]

1.d4 Nf6 2.c4 e6 3.Nf3 Bb4+ 4.Bd2 a5 5.g3 O-O 6.Bg2 d5 7.O-O Ne4 8.Qc2 Nc6
9.Rd1 Qf6 10.Be3 Be7 11.Nbd2 Nxd2 12.Rxd2 Qg6 13.a3 Qxc2 14.Rxc2 {#r} 1-0

[Event "It (open)"]
[Site "masterchessopen.com Ljubljana (Slovenia)"]
[Round "3"]
[White "Cirkvencic Franci (SLO)"]
[Black "Golja Milan (SLO)"]
[Result "1-0"]
[WhiteElo "2179"]
[BlackElo "1891"]

1.d4 Nf6 2.Nf3 e6 3.c4 Bb4+ 4.Bd2 Qe7 5.g3 Ne4 6.Nc3 Nxd2 7.Qxd2 c5 8.dxc5
Bxc5 9.Bg2 a6 10.O-O Nc6 11.a3 Qf6 12.Ne4 Qe7 13.b4 Nxb4 14.Nxc5 Nc6 15.Ne4
O-O 16.Qd6 f5 17.Qxe7 Nxe7 18.Nd6 Nc6 19.Rfd1 e5 20.Rab1 e4 21.Nd4 Ne5
22.N4xf5 {#r} 1-0

[Event "It (open)"]
[Site "masterchessopen.com Lucerne (Switzerland)"]
[Round "2"]
[White "Farago Ivan (HUN)"]
[Black "Leutwyler Martin (SUI)"]
[Result "1-0"]
[WhiteElo "2512"]
[BlackElo "2157"]

1.d4 Nf6 2.c4 e6 3.Nf3 Bb4+ 4.Bd2 Qe7 5.g3 Nc6 6.Nc3 Bxc3 7.Bxc3 Ne4 8.Rc1 O-O
9.Bg2 d6 10.d5 Nd8 11.Nd2 Nxc3 12.Rxc3 e5 13.c5 f5 14.Qc2 Nf7 15.O-O Bd7
16.Rc1 b6 17.cxd6 cxd6 18.e4 f4 19.Rc7 Rfc8 20.Qc6 Rxc7 21.Qxa8+ {#r} 1-0

[Event "Cup Russia (open)"]
[Site "masterchessopen.com Nizhnij Novgorod (Russia)"]
[Round "3"]
[White "Popov Valerij (RUS)"]
[Black "Bojarinov Victor A (RUS)"]
[Result "1-0"]
[WhiteElo "2523"]
[BlackElo "2419"]

1.d4 Nf6 2.c4 e6 3.Nf3 Bb4+ 4.Bd2 a5 5.Nc3 b6 6.Bg5 h6 7.Bh4 Ba6 8.e3 O-O
9.Rc1 d6 10.Bd3 Nbd7 11.O-O Bxc3 12.Rxc3 Bb7 13.Nd2 Qe8 14.Bb1 Kh8 15.Qc2 g6
16.c5 bxc5 17.dxc5 dxc5 18.Rxc5 g5 19.Bg3 Nxc5 20.Be5 {#r} 1-0

[Event "Ch World (juniors) (under 14) (g)"]
[Site "masterchessopen.com Oropesa (Spain)"]
[Round "5"]
[White "Fey Franziska (GER)"]
[Black "Powell Annie (WLS)"]
[Result "0-1"]
[WhiteElo "1982"]
[BlackElo "2014"]

1.d4 Nf6 2.c4 e6 3.Nf3 Bb4+ 4.Bd2 c5 5.Bxb4 cxb4 6.e3 d6 7.Bd3 O-O 8.O-O Nc6
9.Nbd2 e5 10.Rc1 Bg4 11.Be2 Re8 12.h3 Bf5 13.Nb3 a5 14.a4 bxa3 15.bxa3 a4
16.Na1 h6 17.Nc2 Na5 18.Nfe1 Nb3 19.Rb1 Ne4 20.Rxb3 axb3 21.Nb4 b2 22.Ned3 Nc3
{#R} 0-1

[Event "It (open)"]
[Site "masterchessopen.com Paris (France)"]
[Round "1"]
[White "Epishin Vladimir (GER)"]
[Black "Simon Olivier (FRA)"]
[Result "1-0"]
[WhiteElo "2657"]
[BlackElo "2160"]

1.d4 Nf6 2.c4 e6 3.Nf3 Bb4+ 4.Bd2 Qe7 5.g3 Nc6 6.Nc3 O-O 7.Bg2 Bxc3 8.Bxc3 Ne4
9.Qc2 Nxc3 10.Qxc3 d6 11.O-O f5 12.b4 Bd7 13.Rae1 Rae8 14.e4 fxe4 15.Rxe4 Qf6
16.b5 Ne7 17.Qa5 b6 18.Qxa7 {#r} 1-0

[Event "It (open)"]
[Site "masterchessopen.com Passau (Germany)"]
[Round "3"]
[White "Hirn Erwin (GER)"]
[Black "Schmittdiel Eckhard (GER)"]
[Result "0-1"]
[WhiteElo "2187"]
[BlackElo "2505"]

1.d4 Nf6 2.c4 e6 3.Nf3 Bb4+ 4.Bd2 a5 5.a3 Bxd2+ 6.Nbxd2 O-O 7.e3 d6 8.Bd3 Nbd7
9.O-O Qe7 10.b4 e5 11.e4 exd4 12.Nxd4 Ne5 13.Be2 Ng6 14.Qc2 Nf4 15.Bf3 Qe5
16.Nb5 axb4 17.Nxc7 Rxa3 18.Rxa3 bxa3 19.Nb5 Ng4 20.Bxg4 Bxg4 21.f3 Bd7 22.Rb1
Ra8 23.Nc3 Qxc3 {#R} 0-1

[Event "Tournament"]
[Site "masterchessopen.com Provence (France)"]
[Round "0"]
[White "Gozzoli Yannick (FRA)"]
[Black "Tonnaire Christophe (FRA)"]
[Result "1-0"]
[WhiteElo "2234"]
[BlackElo "2010"]

1.d4 Nf6 2.c4 e6 3.Nf3 Bb4+ 4.Nbd2 d5 5.a3 Be7 6.e3 O-O 7.Bd3 c5 8.O-O Nc6
9.dxc5 Bxc5 10.b4 dxc4 11.Nxc4 Be7 12.Bb2 b6 13.Qc2 h6 14.Rfd1 Qc7 15.Nce5 Bb7
16.b5 Rac8 17.bxc6 Bxc6 18.Rdc1 {#r} 1-0

[Event "Ch Asia (team)"]
[Site "masterchessopen.com Shenyang (China)"]
[Round "3"]
[White "Liang Chong (CHN)"]
[Black "Du Shan (CHN)"]
[Result "1-0"]
[WhiteElo "2412"]
[BlackElo "2327"]

1.d4 Nf6 2.c4 e6 3.Nf3 Bb4+ 4.Nbd2 O-O 5.a3 Be7 6.e4 d5 7.Bd3 dxc4 8.Nxc4 c5
9.dxc5 Bxc5 10.e5 Ng4 11.O-O Qd5 12.b4 Rd8 13.Bxh7+ Kh8 14.Qc2 Bxf2+ 15.Rxf2
Nxf2 16.Kxf2 Nc6 17.Nd6 f5 18.exf6 {#r} 1-0

[Event "It (open)"]
[Site "masterchessopen.com Terrasa (Spain)"]
[Round "6"]
[White "Campos Moreno Javier B (CHI)"]
[Black "Vehi Bach Victor M (ESP)"]
[Result "1-0"]
[WhiteElo "2484"]
[BlackElo "2389"]

1.d4 Nf6 2.c4 e6 3.Nf3 Bb4+ 4.Nbd2 O-O 5.a3 Be7 6.e4 d5 7.e5 Nfd7 8.b4 b5
9.cxb5 c5 10.Bb2 cxd4 11.Bxd4 Nc5 12.Be2 Nbd7 13.O-O Nb6 14.Qc2 Nc4 {#r} 1-0

[Event "Memorial C.Torre"]
[Site "masterchessopen.com Yucatan (Mexico)"]
[Round "5"]
[White "Escobedo Tinajero Alberto (MEX)"]
[Black "Galvan Llop Roberto (MEX)"]
[Result "1-0"]
[WhiteElo "2377"]
[BlackElo "2060"]

1.d4 Nf6 2.c4 e6 3.Nf3 Bb4+ 4.Bd2 Bxd2+ 5.Nbxd2 d5 6.e3 O-O 7.Qc2 Nbd7 8.Bd3
Re8 9.O-O-O c5 10.Ne5 Nxe5 11.dxe5 Ng4 12.Bxh7+ Kh8 13.Nf3 Qc7 14.Bd3 Nxe5
15.Ng5 f6 16.Bg6 Rd8 17.h4 fxg5 18.hxg5+ Kg8 19.Rh4 dxc4 20.Rdh1 Nd3+ 21.Qxd3
Kf8 22.Rf4+ Kg8 23.Qe2 Qd6 24.Rh8+ {#r} 1-0

[Event "Memorial A.B.Puchko (cat.8)"]
[Site "masterchessopen.com Alushta (Ukraine)"]
[Round "11"]
[White "Khurtsidze Nino (GEO)"]
[Black "Rogovski Vladimir (UKR)"]
[Result "0-1"]
[WhiteElo "2418"]
[BlackElo "2459"]

1.d4 Nf6 2.c4 e6 3.Nf3 Bb4+ 4.Nbd2 d5 5.Qc2 O-O 6.a3 Be7 7.e4 dxe4 8.Nxe4 Nc6
9.Be3 Ng4 10.g3 f5 11.Nc3 e5 12.O-O-O e4 13.Ne1 Nxe3 14.fxe3 Bg5 15.Qf2 Ne7
16.Ng2 c5 17.Kb1 cxd4 18.exd4 Be6 19.h4 Bf6 20.d5 Bf7 21.d6 Nc6 22.Qxf5 Kh8
23.Nxe4 Bg6 24.Qd5 {#R} 0-1